000 00301nam a2200109Ia 4500
008 171211s9999 xx 000 0 und d
245 4 _aThe Web Designer's Idea Book, Vol. 2
245 _cPatrick McNeil
260 _c2010
650 _xDesign
856 _uhttp://down.ebook777.com/062/9781600619724.pdf
999 _c347899
_d347899